|
|
|
|
| LEADER |
00000nab a2200000 a 4500 |
| 001 |
vtls000519836 |
| 003 |
SK-MaSNL |
| 005 |
20260304090218.0 |
| 008 |
250425c1994 xo 0 slo |
| 015 |
|
|
|a SNBRB19rr/mm-uuuuu
|
| 035 |
|
|
|a CL0519974
|
| 035 |
|
|
|a urn:nbn:sk:snk-ab6pqr
|
| 035 |
|
|
|a (uuid)b6262f44-fca0-411a-bca9-d599b2ec0512
|
| 035 |
|
|
|a (urnnbn)urn:nbn:sk:snk:ar-005r2d
|
| 035 |
|
|
|a (sysno)vtls000519836
|
| 040 |
|
|
|a SNKBUCL
|b slo
|c SNKBUCL
|e AACR2
|
| 041 |
0 |
|
|a slo
|
| 044 |
|
|
|a xo
|c SK
|
| 080 |
|
|
|a 621.791:061.62(437.6)
|2 1981
|
| 100 |
1 |
|
|a Májek, Vladimír,
|d 1937-1995
|4 aut
|9 189654
|
| 245 |
1 |
0 |
|a Vývoj zariadení vo Výskumnom ústave zváračskom
|c Vladimír Májek
|
| 500 |
|
|
|a Na dok. chybne ISSN
|
| 610 |
2 |
7 |
|a Výskumný ústav zváračský (Bratislava, Slovensko)
|2 snkbucl
|9 32791
|
| 650 |
0 |
7 |
|a zváranie
|2 snkbucl
|9 1839
|
| 655 |
|
7 |
|a články z novín a časopisov
|2 snkbucl
|9 267496
|
| 773 |
0 |
|
|t Zváranie
|g Roč. 43, č. 5 (1994), s. 127-129
|x 0044-5525
|
| 850 |
|
|
|a Slovenská národná knižnica
|
| 852 |
|
|
|a Slovenská národná knižnica
|
| 954 |
|
|
|a odborná, vedecká literatúra pôvodná (slovenská)
|2 lita
|
| 957 |
|
|
|a 5100
|
| 958 |
|
|
|a article
|
| 958 |
|
|
|a OND
|
| 958 |
|
|
|a RK
|
| 958 |
|
|
|a EUIPO
|
| 992 |
|
|
|a RBX
|
| 999 |
|
|
|c 2810723
|d 2812653
|